000 00706nam a2200229 i 4500
001 C2-0242479
003 PPAK
005 20180727204449.0
008 021001s2000 xx |||| ||||| | may d
040 _aPPAK
_beng
_cPPAK
_erda
082 0 4 _a297.52
_223
090 0 0 _a297.52
_bSOL
_dG
245 0 0 _aSolat tarawikh:
_bsatu perbahasan ke atas fatwa yang menetapkannya kepada 20 rakaat
264 1 _a[place of publication not identified] :
_bHafiz Firdaus Abdullah ,
_c2000
300 _a205 pages ;
_c21 cm
336 _2rdacontent
_atext
337 _2rdamedia
_aunmediated
338 _2rdacarrier
_avolume
650 1 0 _aPrayer (Islam)
700 0 _aHafiz Firdaus Abdullah,
_ecompile
942 _ddc
_cB
999 _c57227
_d57227